Joueurs ayant gagné la Ligue Des Champions - Statistiques

Statistiques générales
  • Ce quiz a été pris 637 fois
  • Le résultat moyen est 6 sur 10
Answers on the Grid
Answers color-coded by a green-red scale on the quiz's grid according to % correct below.
Cristiano
Ronaldo
Lionel
Messi
Kylian
Mbappé
Joško
Gvardiol
Patrick
Vieira
Gabriel
Batistuta
Paolo
Maldini
Victor
Valdés
Robert
Lewandowski
Edinson
Cavani
Marco
Reus
David
Beckham
Marcus
Thuram
Lilian
Thuram
Zinedine
Zidane
Antoine
Griezmann
Olivier
Giroud
William
Saliba
Gianluigi
Buffon
Eden
Hazard
 
Statistiques - réponses
Réponse % Correct
Lionel
Messi
82%
Cristiano
Ronaldo
81%
Zinedine
Zidane
76%
Robert
Lewandowski
73%
Paolo
Maldini
62%
Olivier
Giroud
54%
Victor
Valdés
53%
David
Beckham
44%
Joško
Gvardiol
41%
Eden
Hazard
39%
Aucun quiz correspondant
Distribution des résultats
% des personnes avec chaque résultat
Percentile par nombre de réponses
Votre historique - résultats
Vous n’avez pas pris ce quiz